[Event "Hastings 0102 77th"]
[Site "Hastings"]
[Date "2001.12.30"]
[Round "2"]
[White "Harikrishna, Pentala"]
[Black "Wells, Peter K"]
[Result "1-0"]
[WhiteElo "2502"]
[BlackElo "2517"]
[Annotator "Ribli,Z"]
[PlyCount "179"]
[EventDate "2001.12.29"]
[EventType "tourn"]
[EventRounds "9"]
[EventCountry "ENG"]
[EventCategory "11"]
[SourceTitle "CBM 087"]
[Source "ChessBase"]
[SourceDate "2002.03.21"]
[SourceVersion "1"]
[SourceVersionDate "2002.03.21"]
[SourceQuality "1"]

1. d4 Nf6 2. c4 e6 3. g3 d5 4. Nf3 Be7 5. Bg2 O-O 6. O-O dxc4 {Der englische
Großmeister spielt praktisch immer diese Variante gegen der katalanische
Eröffnung.} 7. Qc2 a6 8. Qxc4 b5 9. Qc2 Bb7 10. Bd2 {Dieser auf den ersten
Blick genügsame Läuferzug ist in Wirklichkeit eine gute Möglichkeit für Weiß -
im folgenden kann rt Ba5 ziehen und den c7-Bauern fesseln. Die anderen
Läuferzüge - 10.Bg5 und 10.Bf4 - sind auch möglich.} Be4 {Dieser Läuferzug
wird oft gespielt, aber 11...Nc6 (mit der Idee 12.e3 Nb4) ist auch spielbar.}
11. Qc1 Nbd7 (11... Bb7 {Das ist kein "Tempoverlust", da die Dame weniger gut
auf c1 als auf c2 steht.}) 12. Ba5 Rc8 13. Nc3 Ba8 14. a4 {Der weiße Spieler
spielt gern diese Variante - Weiß hat Initiative am Damenflügel und es ist
nicht leicht für Schwarz c7-c5 zu spielen, was gewöhnlich das schwarze
Gegenspiel wäre.} b4 $6 {Nach dieser scheinbar aktiven Fortsetzung wird der
schwarze Damenflügel geschwächt.} (14... Rb8 15. Na2 (15. axb5 axb5 16. b4 Bd6
17. Qc2 Qe7 18. Rab1 e5 19. e4 g6 20. Rfe1 c6 {1/2-1/2 Beliavsky,A-Vaganian,R/
Brussels 1988/CBM 07 (29)}) 15... Nb6 16. axb5 axb5 17. Rd1 Nc4 18. Bb4 Bxb4
19. Nxb4 Qd6 20. Na6 Rbc8 21. Nc5 $14 {[%csl Gc5]} Nb6 22. Qc2 Nbd7 23. Rac1 {
1-0 Harikrishna,P-Mishra,N/Nagpur IND 2002/The Week in Chess 376 (48)}) (14...
bxa4 15. Nxa4 Qe8 16. b4 Nb6 17. Nc5 Qb5 18. Qc2 Bxc5 {1/2-1/2 Smejkal,
J-Lobron,E/Reggio Emilia 1985/MCD (18)}) 15. Na2 $14 {[%mdl 32]} Nd5 (15... b3
16. Nb4 $14 {Der b3P ist eine potentielle Schwäche.}) 16. Qc4 {[%csl Ra6,Rb4,
Gc4]} N5b6 (16... N7b6 17. Qxa6 (17. Qb3 Rb8 $13 (17... c5 18. dxc5 $14)) 17...
Bc6 18. Bxb6 Nxb6 {Mit Zugumstellung das ist unsere Partiefortsetzung.}) 17.
Qxa6 (17. Bxb6 Nxb6 18. Qxa6 Bxf3 19. Bxf3 Qxd4 20. a5 $14) 17... Bc6 (17...
Nxa4 18. b3 Nab6 19. Nxb4 $16) 18. Bxb6 (18. Nxb4 $1 Be4 (18... Bxa4 19. Rxa4
Nxa4 20. Nc6 Qe8 (20... Nb8 21. Qxc8 Nxc6 22. Qxd8 Rxd8 23. Bxc7 $18) (20...
Ra8 21. Qb5 Qe8 22. Qxa4 $18) 21. Qxc8 $18) 19. Qb5 c6 20. Qh5 $16) 18... Nxb6
19. b3 Be4 {[%cal Gd8d5,Gd5b3,Gd5g2] Schwarz möchte die sonderbare
Damestellung auf a6 ausnutzen und lässt Weiss nicht Qd3 spielen.} (19... Bxf3
20. Bxf3 Qxd4 21. a5 $14) 20. a5 (20. e3 Qd5) 20... Ra8 (20... Nd5 21. Qc4 $16)
21. Qb5 Nd7 {Weiß hat einen Bauern mehr, aber der a-Bauer ist in einigen
Varianten schwach und die Dame steht etwa unsicher.} (21... Qd5 22. Qxd5 Nxd5
23. Ne5 {[%cal Ge5c6,Gc6e7,Gc6a5]} Bxg2 24. Kxg2 Rxa5 25. Nc6 Ra6 26. Naxb4
Nxb4 27. Nxe7+ Kh8 28. Rxa6 Nxa6 29. Ra1 $18) 22. a6 (22. Nc1 c6 23. Qa4 Nb6
24. Qa2 Nd5 $44) 22... c6 23. Qa4 Qb6 $132 {[%csl Ra6] Schwarz hat den
b4-Bauern verteidigt und der weiße a6P ist schwach - Schwarz droht im
folgenden Ra7 und Rfa8 zu ziehen.} 24. Nc1 Ra7 25. Qa5 (25. Ne5 Nxe5 26. Bxe4 (
26. dxe5 Bxg2 27. Kxg2 Rfa8 $15) 26... Qxd4 $15) 25... Qxa5 (25... Rfa8 26.
Qxb6 Nxb6 27. Ne5 Bxg2 28. Kxg2 Rxa6 29. Rxa6 Rxa6 30. Nxc6 $16) 26. Rxa5 Rfa8
27. Nd2 Bxg2 28. Kxg2 Rxa6 29. Rxa6 Rxa6 30. Nd3 $11 {[%csl Yc4] Nach
Vereinfachungen haben wir eine Stellung, in der Schwarz die einzige offene
Linie kontrolliert. Anderseits gibt es einige Punkte für die weißen Springer -
z.B. das Feld c4.} Ra2 31. Rd1 g6 (31... Kf8 $11) 32. Kf1 {Weiß verteidigt den
e2-Bauern und befreit den d2-Springer. Die weiße positionelle Drohung ist 33.
Ne4 oder 33.Nc4.} c5 $2 {Schwarz wartet nicht auf 33.Ne4(33.Nc4) und 34.Rc1,
und opfert sofort einen Bauern.} 33. dxc5 Nxc5 (33... Bxc5 34. Ne4 Be7 35. Nxb4
Bxb4 36. Rxd7 $16) 34. Nxb4 (34. Nxc5 Bxc5 35. Ne4 Be7 36. Rd7 Kf8 $11) 34...
Rb2 35. Nc6 $16 (35. Nd3 Nxd3 36. exd3 Bb4 $11) 35... Bf8 36. b4 $5 {Weiß
beschäftigt sich nicht mit dem b-Bauern, er möchte seine Figuren aktivieren.} (
36. Na5 $16) 36... Na6 37. Nc4 Rc2 38. N4e5 {[%csl Gc6,Ge5][%cal Gd1d8]} Nxb4 (
38... f6 39. Nd4 $16) 39. Nxb4 Bxb4 40. Rd8+ Kg7 41. Rd7 $16 {[%csl Rf7]} Kf6
42. Nxf7 $2 {Nach diesem natürlichem Zug kann Schwarz noch kämpfen.} (42. f4
Be7 $2 (42... Kf5 43. Rxf7+ $18) 43. Ng4+ Kf5 44. Ne3+ {[%cal Re3f5,Re3c2]})
42... g5 $1 {[%mdl 4096]} 43. Nh6 Kg6 44. Ng4 {Weiß hat einen klaren Bauern
mehr, aber das Material ist reduziert, und das gibt Schwarz einige
Rettungchancen.} Rc5 45. Kg2 h5 46. Ne3 Re5 47. Nc2 Bc5 48. e3 {Stufenweise
verbessert Weiß seine Stellung.} Rf5 49. Ne1 {[%cal Ge1f3]} Bf8 50. Nf3 Bg7 51.
Rd6 Kf7 52. h4 gxh4 (52... g4 $2 53. Ng5+ $18) 53. Nxh4 Rb5 54. Rd7+ Kf6 (54...
Kg8 55. Ng6 $18 {[%cal Rg6f4,Rf4e6,Rf4h5]}) 55. Nf3 {[%csl Gf3] Wenn die
Bauern nur auf einem Flügel sind, ist der Springer viel stärker als der Läufer.
} Rb6 56. Nd2 Rc6 57. Ne4+ Kg6 58. Rd6 $5 {Sonst geht es für Weiß nicht leicht
weiter.} Rxd6 59. Nxd6 Be5 60. Ne4 Kf5 61. Nd2 Kg4 62. Nf3 Bf6 63. Nd4 e5 (
63... Bxd4 $2 64. exd4 Kf5 65. Kf3 $18) 64. f3+ Kg5 65. Ne6+ Kg6 (65... Kf5 66.
Nc5 $16) 66. Nf8+ Kf7 67. Nd7 Bg7 68. e4 {[%csl Yd5] Weiß kann nun den Punk d5
mit dem Springer besetzen.} Kg6 69. Kh3 Kg5 70. Nc5 {Droht 71.Ne6+ - das
Bauernendspiel wäre für Weiß leicht gewonnen.} Bf6 71. Nd3 Kg6 72. Nb4 Bd8 73.
Nd5 {[%csl Gd5]} Kg5 74. f4+ exf4 (74... Kg6 75. fxe5 $18) 75. gxf4+ Kg6 76.
Kg3 Ba5 77. Kf3 (77. f5+) 77... Bd8 78. Kg3 Ba5 79. f5+ Kg5 80. f6 {[%csl Gf6]}
Kg6 81. e5 {[%csl Ra5,Gd5] Alles ist verteidigt in der weißen Stellung -
Schwarz kann nicht tauschen, er kann nicht opfern. Der zentralisierte
d5-Springer lässt dem schwarzen Läufer wenige Möglichkeiten.} Bd8 82. Kf3 {
Droht 83.Re4 und 84.Nf4+.} h4 83. Kg4 {[%csl Rh4]} h3 84. Kxh3 $18 Kf7 85. Kg4
Ke6 86. Kf4 Kxd5 87. Kf5 Ba5 88. e6 {[%csl Ge6,Gf6]} Kd6 89. e7 Kd7 90. Kg6 1-0

[Event "Corus-B"]
[Site "Wijk aan Zee"]
[Date "2002.01.16"]
[Round "2"]
[White "Stefanova, Antoaneta"]
[Black "Yu, Shaoteng"]
[Result "1-0"]
[WhiteElo "2451"]
[BlackElo "2522"]
[Annotator "Ribli,Z"]
[PlyCount "109"]
[EventDate "2002.01.15"]
[EventType "tourn"]
[EventRounds "11"]
[EventCountry "NED"]
[EventCategory "11"]
[SourceTitle "CBM 087"]
[Source "ChessBase"]
[SourceDate "2002.03.21"]
[SourceVersion "1"]
[SourceVersionDate "2002.03.21"]
[SourceQuality "1"]

1. d4 e6 2. Nf3 Nf6 3. g3 d5 4. Bg2 Be7 5. O-O O-O 6. c4 dxc4 7. Qc2 a6 8. Qxc4
b5 9. Qc2 Bb7 10. Bd2 Be4 11. Qc1 Bb7 {Das ist eigentlich ein indirektes
Remisangebot - Schwarz möchte die Züge wiederholen. Anderseits steht die Dame
weniger glücklich auf c1, da sie nicht das e4-Feld kontrolliert, und im
folgenden kann Weiß nicht so leicht Rc1 spielen.} (11... Nc6 12. Be3 Rc8 13.
Nbd2 Bd5 14. Rd1 $14) 12. Qc2 Be4 13. Qc1 {Es scheint, dass Weiß zufrieden ist
mit einem freundlichen Ergebnis der Partie.} Nbd7 {Es ist Schwarz, der nun von
der Zugwiederholung mit 14...Bb7 abweicht.} 14. Ba5 Rc8 {Wir haben eine
normale theoretische Stellung, aber mit zwei Plustempo, in theoretischen
Büchern wäre der 12. schwarze Zug gespielt.} 15. Nbd2 (15. Nc3) (15. a4) 15...
Ba8 16. Nb3 {[%csl Yc5][%cal Gb3c5] Weiß kontrolliert das Schlüsselfeld c5.} (
16. Re1 Qe8 {[%cal Gc7c5]} 17. b4 Ne4 18. Nxe4 Bxe4 19. Qf4 f5 $11) (16. Rd1
Qe8 {[%cal Gc7c5]}) (16. Qc2) 16... Qe8 {Dieser Zug ist typisch in dieser
Variante - Schwarz möchte den Ausgleichszug 17...c5 ausführen und verbessert
seine Damestellung.} (16... Nb8 17. Rd1 Bd5 18. Bd2 Nbd7 19. Nc5 Nxc5 20. dxc5
Qe8 21. Be3 b4 22. a3 a5 23. axb4 axb4 24. Nd4 $14 {Fominyh,A-Zhang Zhong 2001
Open Ubeda}) 17. Nc5 $5 $146 {[%mdl 4] Weiß lässt Schwarz nicht c7-c5 spielen,
er (sie) spielt selbst 17.Nc5. Nun kommt der weiße Bauer nach c5, was Weiß
Raumvorteil gibt.} (17. Qe3 c5 18. dxc5 Nxc5 19. Nxc5 Bxc5 20. Qf4 b4 $13 {
Barlov,D-Morovic Fernandez,I 1985Vrsac}) 17... Nxc5 18. dxc5 Nd7 $6 {Dieser
Springerzug gefällt mir nicht - nach meiner Meinung muss Schwarz 18...Bd5
spielen.} (18... Bd5 $5 $11 {Auf diese Weise verbessert Schwarz seine
Läuferstellung und er kann c7-c6 spielen.}) 19. Bb4 (19. b4 $2 Bf6 (19... Nb6
$5 {[%csl Ra5][%cal Gb6c4,Gc4a5]} 20. cxb6 cxb6 $15) (19... Nb8 {[%csl Ra5]
[%cal Gb8c6,Gc6a5]}) 20. Rb1 Be4 $15) 19... a5 {Schwarz gibt seinen a-Bauern
und bekommt den c5-Bauern.} 20. Bxa5 Bxc5 (20... Nxc5 21. Rd1 $14) 21. Rd1 $14
{Droht 22.Rxd7 und 23.Qxc5 - Weiß hat das bessere Figurenspiel.} Bb6 (21... Bd6
$14) 22. Bxb6 Nxb6 23. Qc5 {[%csl Gc5]} Na4 24. Qc2 Qc6 (24... c5 $2 25. Ng5 g6
26. Bxa8 Rxa8 27. b3 $16) 25. Qd2 {[%cal Gd1d8]} (25. Rac1 Qxc2 26. Rxc2 c5 $11
) 25... Qa6 26. b3 Nc5 $6 (26... Nb6 $14) 27. Qc2 Ne4 28. Ne5 Nd6 (28... Nf6
29. Nc6 $14) 29. Nc6 Bxc6 30. Bxc6 $16 {[%csl Gc6][%mdl 32] Der c6B steht
ausgezeichnet - Schwarz kann nicht Re8 oder Ra8 spielen - der c6B paralysiert
das schwarze Figurenspiel.} Rfd8 31. e4 $1 {Mit diesem Zug beabsichtigt Weiß
e4-e5 zu spielen und verteidigt sich gegen das Springermanöver Nd6-f5-d4 oder
Nd6-f5-e7.} Qb6 32. a4 $1 bxa4 33. bxa4 {[%csl Ga4] Der entfernte a-Freibauer
ist eine große potenzielle Gefahr für Schwarz.} Qa5 {Schwarz möchte den
a-Bauern so früh wie möglich blockieren.} 34. Rdc1 Rb8 35. Qc3 Qa6 (35... Qxc3
36. Rxc3 $16 {[%cal Ga4a5]}) 36. a5 h6 37. Qe1 $6 {Dieser Zug gefällt mir
nicht - Weiß lässt den schwarzen Turm auf b2 eindringen.} (37. Rab1 $5 $16)
37... Rb2 $132 {[%cal Gb2h2]} 38. Qf1 Qa7 {[%cal Ga7g1,Gb2f2]} (38... Qxf1+ 39.
Kxf1 {[%cal Ga5a6]} Nc8 40. Rab1 $16) 39. a6 Ne8 {[%cal Rd8d2,Rb2f2]} 40. Rd1 (
40. Rcb1 $5) 40... Rxd1 41. Rxd1 Nd6 $14 42. e5 Nf5 (42... Nc4 43. Rd8+ Kh7 44.
Qd3+ g6 45. Qf3 f5 (45... Nxe5 46. Qf6 $18) 46. exf6 $18) 43. Rd8+ (43. Be4 $14
) 43... Kh7 44. Be8 {Weiss moöchte den f7-Bauern nehmen, aber der Läufer
verlässt die große weiße Diagonale, was Schwarz einige taktische Gegenchancen
gibt.} (44. Be4 $14) 44... Nd4 (44... Qb6 $2 45. Bxf7 Rb1 46. Bg8+ Kg6 47. Rd1
$18) (44... Ne3 45. Qd3+ Nf5 46. Qf3 $14) 45. Bxf7 Ne2+ $2 (45... Nf3+ 46. Kh1
Nxe5 47. Bg8+ Kg6 48. Bxe6 (48. Re8 Qxf2 49. Qxf2 Rxf2 50. a7 Nf3 $19 {[%csl
Gf2,Gf3,Rh1][%cal Rf2h2,Rh2h1]}) 48... Rxf2 49. Qb1+ Kg5 $14) 46. Kg2 Qxa6 47.
Qd1 $1 {[%csl Gd1,Gd8,Gf7,Rh7] Jetzt ist die weiße Dame sehr aktiv - Schwarz
hat keine konkrete Drohungen, weil seine Königstellung sehr schwach ist. Es
droht 48.Rh8+! Kxh8 49.Qd8! und Matt im nächsten Zug.} Qc6+ 48. Kh3 g6 49. Be8
Ng1+ {49...Nf4+ ist nicht gut, da nach 50.gxf4 das Schach auf f3 von der d1Q
verhindert ist.} 50. Qxg1 $18 Qe4 51. Qd1 h5 52. Qd3 Qxd3 53. Rxd3 Rxf2 54.
Rd7+ Kh6 55. Re7 (55. Rxc7 g5 56. g4 $18) 1-0

[Event "Pamplona"]
[Site "Pamplona"]
[Date "2003.12.22"]
[Round "3"]
[White "Romero Holmes, Alfonso"]
[Black "Pelletier, Yannick"]
[Result "1/2-1/2"]
[WhiteElo "2544"]
[BlackElo "2604"]
[Annotator "Ribli,Z"]
[PlyCount "103"]
[EventDate "2003.12.20"]
[EventType "tourn"]
[EventRounds "7"]
[EventCountry "ESP"]
[EventCategory "15"]
[SourceTitle "CBM 099"]
[Source "ChessBase"]
[SourceDate "2004.03.30"]
[SourceVersion "1"]
[SourceVersionDate "2004.03.30"]
[SourceQuality "1"]

1. c4 e6 2. d4 Nf6 3. g3 d5 4. Bg2 Be7 5. Nf3 O-O 6. O-O dxc4 {Das ist die
Klassische Variante der Katalanischen Verteidigung - Schwarz nimmt den
c4-Bauern und während Weiß den Bauern zurückgewinnt, kann er die Entwicklung
des Damenflügels beenden.} 7. Qc2 a6 8. Qxc4 {Das ist die natürliche Antwort,
aber heutzutage ist die Variante 8.a4 populärer.} b5 9. Qc2 Bb7 10. Bf4 Nc6 (
10... Nd5) 11. Nbd2 {Dieser Zug wird selten gespielt - die Hauptfortsetzung
ist 11.Rd1.} Rc8 {Dieser Turmzug zeugt an, dass Schwarz das Spiel komplizieren
möchte und nicht einverstanden ist mit den möglichen Vereinfachungen nach 11...
Nxd4.} (11... Nxd4 12. Nxd4 Bxg2 13. Nxe6 fxe6 14. Kxg2 c5 (14... Nd5 $11) 15.
Nf3 Qb6 (15... Nd5 16. Be5 Qe8 17. Qe4 Qf7 18. Rad1 Rad8 19. Rd2 c4 20. a3 h6
21. Rfd1 {1/2-1/2 Nogueiras,J-Ehlvest,J/New Delhi/Theran 2000/CBM 80 (21)}) 16.
Rad1 Rad8 17. b3 Rd5 18. Rc1 Rc8 19. e4 Rdd8 20. Bg5 Qb7 21. Qe2 h6 22. Bxf6
Bxf6 {0-1 Romero Holmes,A-Palo,D/Istanbul 2003/CBM96 (57)}) 12. Rad1 Nb4 (12...
Nxd4 13. Nxd4 Bxg2 14. Nxe6 fxe6 15. Kxg2 c5 $11) 13. Qb1 Qe8 {Ein typisches
Motiv in der Katalanischen Verteidigung - Schwarz geht weg von der d-Linie und
bereitet den Befreiungszug 14...c5 vor.} (13... Nfd5 14. a3 Nxf4 15. gxf4 Nd5
16. e3 {1/2-1/2 Bischoff,K-Leitao,R/Dortmund 1998/EXT 99 (16)}) (13... Nbd5 14.
Be5 Nd7 15. Nb3 Qe8 $1 16. e4 N5b6 {[%cal Yb6c4]} 17. Rfe1 (17. Na5 Ba8 18. b4
Bd6 $11) 17... Bb4 $6 (17... Nc4 $5 18. Bf4 c5 19. dxc5 (19. d5 e5 $36 {
[%csl Rb1,Re1]}) 19... Nxc5 20. Nxc5 Bxc5 21. Ne5 $11) 18. Re2 Bd6 19. Bxd6
cxd6 20. d5 $5 {1/2-1/2 Piket,J-Lautier,J/Wijk aan Zee 1997/CBM 57/[Lautier] 
(62)}) 14. e4 $14 {[%csl Gd4,Ge4] Weiß hat ein starkes Bauernzentrum und die
e8Q steht passiv, so dass Weiß über einen kleinen Positionsvorteil verfügt.} (
14. a3 Nbd5 15. Bg5 h6 (15... c5 16. e4 $36) 16. Bxf6 Nxf6 17. b4 Bd6 $11)
14... c5 15. a3 Nc6 16. dxc5 Bxc5 17. e5 (17. b4 Be7 (17... Bb6 18. Bd6 Ne7 19.
e5 $16) 18. Nb3 $14) 17... Nd5 (17... Nd7 18. Ng5 g6 19. Nde4 {Weiß hat einige
Drohungen, unter anderem 20.Rxd7 und 21.Nf6+.} Be7 20. Nf3 $18) 18. Ng5 $36 g6
19. Nde4 {[%csl Yd6,Yf6] Die dunklen Felder in der schwarzen Stellung neigen
zur Schwäche.} Be7 20. Nd6 Bxd6 21. exd6 Nb8 (21... Nxf4 $2 22. d7 {[%cal
Rd7c8,Rd7e8]} Ne2+ 23. Kh1 Qe7 24. dxc8=Q Rxc8 25. Nf3 $18) 22. Ne4 {[%cal
Rd1d5] Die weiße Drohung ist 23.Rxd5 und 24.Nf6+.} f5 (22... Nxf4 $4 23. Nf6+
$18) 23. Ng5 {[%mdl 2048] Weiß hat ausgezeichnetes Figurenspiel, während
Schwarz Probleme mit der Figurenkoordination hat.} h6 (23... Nxf4 $2 24. Bxb7
$18) (23... Bc6 24. Rfe1 (24. Nxe6 Qxe6 25. Rfe1 Nxf4 26. Rxe6 Nxe6 $17) 24...
Nxf4 25. gxf4 $16) {[#]} 24. Nxe6 $1 Qxe6 (24... Nxf4 25. Nxf4 $16) 25. Rfe1 {
[%csl Rd5,Re6][%cal Re1e6]} Qf7 (25... Qd7 26. Bxd5+ Bxd5 27. Rxd5 $16) 26.
Bxd5 Bxd5 27. Re7 $16 {[%csl Rd5,Rf7]} Be4 (27... Ba2 28. Rxf7 Bxb1 {Mit
Zugumstellung haben wir die Partiefortsetzung.}) 28. Rxf7 Bxb1 29. Rxf8+ Rxf8
30. Rxb1 (30. Bxh6 Bc2 (30... Rd8 31. Rxb1 Rxd6 32. Bf4 Rd8 33. Rc1 $16) 31.
Rd2 Rc8 32. d7 Nxd7 33. Rxd7 Be4 $14) 30... g5 31. Bd2 {Weiß hat einen Bauern
mehr und die schwarzen Bauern am Königsflügel sind schwach. Andererseits ist
das Material reduziert und Schwarz kann den d6-Bauern blockieren.} Kf7 32. Re1
(32. h4 Rg8 33. hxg5 hxg5 34. Re1 Nc6 35. Kg2 $16) 32... Re8 33. Rxe8 Kxe8 {
[%mdl 4096]} 34. h4 Nc6 (34... gxh4 35. gxh4 h5 36. Kg2 $16 {[%cal Gg2f3,Gf3f4]
}) 35. hxg5 hxg5 36. Bxg5 {Weiß hat schon zwei Bauern mehr, aber der schwarze
Springer hat aktives Spiel.} Ne5 {[%csl Ge5][%cal Ge5c4,Gc4b2,Gc4a3,Re5f3,
Rf3g1,Rf3g5] Es droht 37...Nf3+ und 37...Nc4.} 37. Kg2 Nc4 38. Bc1 (38. Kf3
$142 Nxb2 39. Kf4 Kd7 40. Kxf5 Nc4 41. Bc1 Nxd6+ 42. Ke5 $16) 38... Kd7 39. b3
$6 {Mit diesem Zug reduziert Weiß seine Gewinnchancen. Es wäre besser den
König zu aktivieren.} (39. Kf3 $142 Kxd6 40. Kf4 Ke6 $16) 39... Na5 40. b4 Nc4
$14 {[%csl Gc4]} 41. Kf3 Kxd6 42. Kf4 Ke6 43. f3 Ne5 {[%cal Re5d3,Rd3c1,Rd3f4]
Die Aktivität des Springers kompensiert den Bauern - jetzt droht 44...Nd3+.}
44. Ke3 Kd5 45. Ke2 Ke6 46. Bf4 Nc4 47. Kd3 (47. Bc1 Ne5) 47... Nxa3 $11 48.
Bd2 Nc4 49. Bc3 Kd5 50. g4 fxg4 51. fxg4 Ke6 (51... Ne5+ $4 52. Bxe5 Kxe5 53.
g5 $18) 52. Ke4 (52. Ke4 Kf7 $11) 1/2-1/2

[Event "Corus"]
[Site "Wijk aan Zee"]
[Date "2004.01.14"]
[Round "4"]
[White "Bareev, Evgeny"]
[Black "Shirov, Alexei"]
[Result "1-0"]
[WhiteElo "2714"]
[BlackElo "2736"]
[Annotator "Ribli,Z"]
[PlyCount "107"]
[EventDate "2004.01.10"]
[EventType "tourn"]
[EventRounds "13"]
[EventCountry "NED"]
[EventCategory "19"]
[SourceTitle "CBM 099"]
[Source "ChessBase"]
[SourceDate "2004.03.30"]
[SourceVersion "1"]
[SourceVersionDate "2004.03.30"]
[SourceQuality "1"]

1. c4 e6 2. d4 d5 3. Nf3 Nf6 4. g3 Be7 5. Bg2 O-O 6. O-O dxc4 7. Qc2 a6 8. Qxc4
b5 9. Qc2 Bb7 10. Bf4 {Statt dieser Fortsetzung kann Weiß auch 10.Bg5 und 10.
Bd2 spielen.} Nc6 11. Rd1 (11. Nc3) (11. Nbd2) 11... Nb4 12. Qc1 Nbd5 {Dieser
Zug ist nicht schlecht, aber die Alternative 12...Rc8!? kommt stark in
Betracht.} (12... Rc8 $5 13. Nc3 Nbd5 14. Nxd5 Bxd5 $11 (14... Nxd5 15. Bg5 c5
16. dxc5 Qe8 $11)) 13. Nbd2 {Jetzt kann Weiß den Springer nach d2 entwickeln,
was weniger gut nach 12...Rc8!? 13.Nbd2 c5! ist.} Nxf4 14. gxf4 {Auf den
ersten Blick hat Weiß eine schlechte Stellung wegen des Doppelbauern auf der
f-Linie. Aber in Wirklichkeit kontrolliert er stark das e5-Feld und Schwarz
kann die geschwächte Bauernstruktur nicht ausnutzen.} c5 (14... Bd6 15. Nb3 (
15. Ne5 Bxg2 16. Kxg2 Nd5 17. Ndf3 Qf6 18. e3 Qf5 19. h3 $6 f6 20. Ng4 (20. Nd3
g5 $1 $17 {[%cal Gf8f2]}) 20... h5 21. Ngh2 g5 $1 {0-1 Kozul,Z-Zelcic,R/Solin/
Split 2000/CBM 81/[Ribli] (30)}) 15... Bd5 16. Ne5 Bxg2 17. Kxg2 Nd5 18. e4 Nb6
19. Nc5 {1-0 Illescas Cordoba,M-Campora,D/Cordoba 1995/EXT 2000 (64)}) 15. dxc5
Qc7 16. c6 Qxc6 17. Qxc6 Bxc6 18. Ne5 (18. Rac1 Rac8 19. Ne5 Bxg2 20. Kxg2 Nd5
21. Nd3 Rfd8 22. Nb3 Kf8 23. Kf3 Ke8 24. Na5 Nb4 25. Nxb4 Rxc1 26. Rxc1 Bxb4
27. Nb3 {1-0 Harikrishna,P-Kristjansson,S/Goa IND 2002 (105)}) 18... Bd5 $11 {
[%mdl 4];Ribli,Z (2610)-Karpov,A (2725) IBM Amsterdam 1980 1-0 Scheinbar steht
Schwarz etwas besser wegen der geschwächten weißen Bauernstruktur. Aber es
gibt auch einige Felderschwächen am schwarzen Damenflügel. (Ein gutes Beispiel
zu diesem Thema ist meine Partie gegen Karpov:)} (18... Bxg2 19. Kxg2 Rfc8 20.
Rac1 Kf8 21. Kf3 Ke8 22. Nb3 Nd5 23. Rxc8+ Rxc8 24. Rc1 {0.5/Csom,I-Parma,B/
Roma/1981/}) 19. a4 (19. Bxd5 Nxd5 20. e3 $11) 19... Rac8 (19... Rfc8 $11) 20.
axb5 axb5 21. Rdc1 (21. Ra5 b4 $11) 21... h6 {[%cal Gg7g5] Schwarz öffnet die
Grundlinie und bereitet 22...g5 vor.} (21... g6 $11) 22. Ndf3 Bd6 23. Nd4 b4
24. Nd3 Bc4 25. Ne5 Bd5 (25... Bxe5 26. fxe5 Nd5 27. b3 $16) 26. Nb5 Bxe5 (
26... Be7 $11) 27. fxe5 Ng4 (27... Bxg2 28. Kxg2 Ng4 29. f4 Ne3+ 30. Kf3 Nc2
31. Nd6 $14) 28. e4 {[%csl Rd5] Nach diesem Zug muss der früher sehr starke
d5B weggehen, aber er findet keine guten Stützpunkte mehr.} Rxc1+ 29. Rxc1 $14
{[%csl Gc1][%cal Gc1c7][%mdl 4096]} Ba2 30. f4 f6 $2 (30... Ne3 31. Bf3 (31.
Nd6 $5) 31... g5 32. fxg5 Nc4 {[%cal Gc4e5]} 33. Be2 Nxe5 34. Rc5 Nd7 35. Rc7
Ne5 $11) 31. Bf3 Ne3 (31... h5 32. h3 Ne3 (32... Nh6 33. Bxh5 fxe5 34. fxe5 $16
) 33. Kf2 Nc4 34. Be2 Nb6 35. exf6 Rxf6 36. Ke3 $16) 32. Kf2 Nc4 33. Be2 Nd2 (
33... Nxb2 $2 34. Rc2 {[%cal Rc2a2]} Nd1+ 35. Bxd1 Bb3 36. Rd2 Bxd1 37. Rxd1
fxe5 38. Rb1 Rxf4+ 39. Ke3 Rh4 40. Rxb4 Rxh2 41. Nd6 $18) (33... Nb6 34. exf6
Rxf6 35. Ke3 $16) 34. Ke3 Nb3 (34... Rd8 35. exf6 gxf6 36. Rd1 Nc4+ 37. Bxc4
Rxd1 38. Bxa2 $18) 35. Rc7 $1 {[%csl Ra2,Rb3,Gb5,Gc7] Weiß hat aktives
Figurenspiel, während Schwarz Schwerigkeiten mit der Figurenkoordination hat.}
(35. Rc6 $16) 35... fxe5 36. fxe5 Na1 37. Nd4 {[%csl Ra1,Gd4][%cal Gd4b3,Gd4c2]
Der weiße Springer steht ausgezeichnet auf d4: Der schwarze Kollege befindet
sich plötzlich in großer Not.} Ra8 (37... Rf7 38. Rc1 Nb3 39. Rc8+ Rf8 40.
Rxf8+ Kxf8 41. Nxe6+ Kf7 42. Nd8+ Ke8 43. Nc6 $18) 38. Bg4 {[%csl Re6]} (38.
Bd1 $16) 38... Ra6 39. Be2 Ra5 (39... Ra8 40. Bc4 $16) 40. Bc4 Bxc4 41. Rxc4 b3
(41... Rxe5 42. Rc8+ Kh7 43. Ra8 $18 {[%csl Ra1] Diese Stellung ist ein gutes
Beispiel zum Thema, wie schlecht der Springer in der Ecke steht.}) 42. Rc8+ Kf7
43. Rc7+ Kg6 44. Kf4 Ra6 45. Re7 $18 {[%csl Re6] Hier hängt der
e6-Schlüsselbauer und Schwarz hat keine Verteidigung.} Kh5 (45... Nc2 46. Nxe6
$18) 46. Nxe6 g5+ 47. Kf5 Nc2 48. Ng7+ Kh4 49. e6 {[%csl Ge6] Der weiße
e-Bauer entscheidet die Partie.} Ne3+ 50. Kg6 Kh3 51. Kxh6 g4 52. Kg5 Kxh2 53.
Nf5 Nc4 (53... Nxf5 54. exf5 g3 55. Rh7+ $18) 54. Re8 1-0